000 00591nam a22002057a 4500
005 20220721161503.0
008 220721b ||||| |||| 00| 0 eng d
040 _cAL
041 _aEnglish
082 _223
_a305.4
_bREDC
100 _aK Santha Reddy
_952456
245 _aConstitutional and Legal Rights of Women in IndiaM
260 _aMumbai
_bRambhau Mhalgi Prabodhini
_c1995
300 _a20 p.
_bPB
_c21.5x14 cm.
650 _aWomen
_952457
650 _aConstitutional and Legal Rights
_952458
650 _aIndia
_952459
700 _aREDDY (Santha K)
_952460
942 _2ddc
_cGF
999 _c224083
_d224083